En busca de la clase virtual: la educación en la sociedad de la información
Zapisane w:
| Główni autorzy: | , |
|---|---|
| Format: | Książka |
| Język: | hiszpański |
| Wydane: |
Barcelona
Paidós
1997
|
| Wydanie: | 1a. ed |
| Seria: | Colección Temas de Educación, 43
|
| Hasła przedmiotowe: | |
| Etykiety: |
Dodaj etykietę
Nie ma etykietki, Dołącz pierwszą etykiete!
|
MARC
| LEADER | 00000cam a2200000 a 4500 | ||
|---|---|---|---|
| 001 | UCQ3433 | ||
| 003 | CL-VaPUC | ||
| 008 | 980821e19970000SP |||||||||||||||||spa|d | ||
| 020 | |a 8449304024 | ||
| 082 | 0 | 4 | |a 371.334 |b TIF |2 21 |
| 100 | 0 | |a Tiffin, John |e author |9 417577 | |
| 700 | 0 | |a Rajasingham, Lalita |e author |9 417578 | |
| 245 | 1 | 0 | |a En busca de la clase virtual: la educación en la sociedad de la información |
| 250 | |a 1a. ed | ||
| 300 | |a 274 p | ||
| 942 | |c BK | ||
| 945 | |d 19980821 00:00:00 |a aarredon | ||
| 260 | |a Barcelona |b Paidós |c 1997 | ||
| 650 | 0 | |a Realidad virtual |9 361882 | |
| 650 | 7 | |a INFORMATICA EDUCATIVA |2 CL-VaPUC |9 371828 | |
| 650 | 0 | |a Informática |9 260044 | |
| 650 | 0 | |a Alumnos |9 335074 | |
| 650 | 0 | |a Computadores |9 258188 | |
| 650 | 0 | |a Sociedad de la información |9 417579 | |
| 650 | 0 | |a Aprendizaje |9 254827 | |
| 650 | 0 | |a Comunicación |9 257251 | |
| 583 | |a last modification |c 20170814 10:21:45 |k Rodrigo Vera | ||
| 490 | 0 | |a Colección Temas de Educación, 43 | |
| 999 | |c 274012 |d 274010 | ||
| 952 | |0 0 |1 0 |4 0 |6 371_334000000000000_TIF_1997 |7 0 |8 A |9 310052 |a BIBEDU |b BIBEDU |d 2019-11-20 |i 3455475 |o 371.334 TIF 1997 |p 3455475 |r 2019-11-20 |w 2019-11-20 |y BK |k LIT | ||
| 952 | |0 0 |1 0 |4 0 |6 371_334000000000000_TIF_1997 |7 0 |8 A |9 310053 |a FDOPOS |b FDOPOS |d 2019-11-20 |i 3643565 |o 371.334 TIF 1997 |p 3643565 |r 2025-01-22 |w 2019-11-20 |y BK |k MLA | ||
| 952 | |0 0 |1 0 |3 erb |4 0 |6 371_334000000000000_TIF_1997 |7 0 |8 A |9 310054 |a BIBEDU |b BIBEDU |i 5414644 |o 371.334 TIF 1997 |p 5414644 |r 2019-11-20 |w 2019-11-20 |y BK |z Catalogado en:20170818 |k PSI | ||